Let it glow : a winter's walk

Bibliographic Details
Main Author: Gildersleeve, Owen
Format: Book
Published: London : Wide Eyed Editions , 2017
Subjects:

MARC

LEADER 00000cam a2200000 7i4500
001 0000278127
005 20200929154950.0
020 |a 9781786030306 
090 0 0 |a JF   |b GIL 
100 1 |a Gildersleeve, Owen 
245 1 0 |a Let it glow :   |b a winter's walk   |c Owen Gildersleeve 
260 |a London :   |b Wide Eyed Editions ,   |c 2017 
300 |a 1 v. (unpaged) :   |b ill. ;   |c 27cm. 
650 0 |a Children's stories 
999 |a 00384619   |b BUKU   |c PINJAMAN   |e PERPUSTAKAAN KOMUNITI CAW BANDAR UTAMA